书目信息 |
| 题名: |
现代光学导论
|
|
| 作者: | 福尔斯 , Fowles 著 ;陈时胜 , 林礼煌 译 | |
| 分册: | ||
| 出版信息: | 上海 上海科学技术出版社 1980 |
|
| 页数: | 346页 | |
| 开本: | 19cm | |
| 丛书名: | ||
| 单 册: | ||
| 中图分类: | O43 | |
| 科图分类: | ||
| 主题词: | 光学 | |
| 电子资源: | ||
| ISBN: | ||
| 000 | 00818nam0 2200277 45 | |
| 001 | 0180006537 | |
| 005 | 20060815093556.43 | |
| 010 | @d¥1.05 | |
| 091 | @aCN@b13119.805 | |
| 100 | @a19960215d1980 em y0chiy0121 ea | |
| 101 | 1 | @achi@ceng |
| 102 | @aCN@b310000 | |
| 105 | @ay z 000yy | |
| 200 | 10 | @a现代光学导论@Axian dai guang xue dao lun@f( )福尔斯(G.R.Fowles)著@g陈时胜,林礼煌译 |
| 210 | @a上海@c上海科学技术出版社@d1980 | |
| 215 | @a346页@d19cm | |
| 300 | @a书名原文:Intioduction to modern optics | |
| 510 | 1 | @aIntioduction to modern optics@zeng |
| 606 | @a光学 | |
| 690 | @aO43@v3 | |
| 701 | 1 | @a福尔斯@Afu er si@bG.R.@4著 |
| 701 | A1 | @aFowles@bG.R.@4著 |
| 702 | 0 | @a陈时胜@Achen shi sheng@4译 |
| 702 | 0 | @a林礼煌@Alin li huang@4译 |
| 801 | 0 | @aCN@bTSSF@c20060815 |
| 905 | @a10447@dO43@e101 | |
| 现代光学导论/( )福尔斯(G.R.Fowles)著/陈时胜,林礼煌译.-上海:上海科学技术出版社,1980 |
| 346页;19cm |
| 书名原文:Intioduction to modern optics |
| ISBN :¥1.05 |
| ● |
| 相关链接 |
|
|
|
|
正题名:现代光学导论
索取号:O43/101
 
预约/预借
| 序号 | 登录号 | 条形码 | 馆藏地/架位号 | 状态 | 备注 |
| 1 | 0461487 | 204614872 | 密集书库/ [索取号:O43/101] | 在馆 | |
| 2 | 0461488 | 204614881 | 密集书库/ [索取号:O43/101] | 在馆 |